| 000 | 01886nam0a22003611 4500 | ||
|---|---|---|---|
| 001 | v19\rc\2037028 | ||
| 005 | 20260406113847.0 | ||
| 035 | _a(NLR Aleph) 005275818 | ||
| 090 |
_a6047325 _c6047325 |
||
| 100 | _a20080925d1917 |||y0rusy50 ca | ||
| 101 | 0 | _arus | |
| 102 | _aRU | ||
| 105 | _aac z ||||| | ||
| 200 | 1 |
_aАленушкины сказки _f[Соч.] Д.Н. Мамина-Сибиряка _gС рис. худож. А.Н. Афанасьева, В.И. Андреева, Г.И. Гугунавы и П.Е. Литвиненко |
|
| 205 | _a16-е изд. | ||
| 210 |
_aМосква _cред. журн. "Юная Россия" _d1917 |
||
| 215 |
_a128 с. _cил., портр. _d25 |
||
| 225 | 1 | _aБиблиотека семьи и школы | |
| 532 | 1 | 3 | _aАленушкины сказки |
| 700 | 1 |
_8rus _7ca _aМамин-Сибиряк _bД. Н. _f1852-1912 _gДмитрий Наркисович _3RU\NLR\AUTH\77149 _9110226 |
|
| 702 | 1 |
_4440 _8rus _7ca _aАндреев _bВ. И. _cхудожник _f1870- _gВладимир Иванович _3RU\NLR\AUTH\7762935 _945865 |
|
| 702 | 1 |
_4440 _8rus _7ca _aАфанасьев _bА. Ф. _f1850-ок.1920 _cхудожник _gАлексей Федорович _3RU\NLR\AUTH\7765080 _948009 |
|
| 702 | 1 |
_4440 _8rus _7ca _aГугунава _bИ. Г. _cхудожник _f1860-1919 _gИван Георгиевич _3RU\NLR\AUTH\7771514 _954442 |
|
| 702 | 1 |
_4440 _8rus _7ca _aЛитвиненко _bП. Е. _cписатель, художник _f19 в. _gПетр Евстафьевич _3RU\NLR\AUTH\7771424 _954352 |
|
| 790 | 1 |
_9z01700 _aСибиряк _bД. Н. _f1852-1912 _gДмитрий Наркисович |
|
| 801 | 0 |
_aRU _bNLR _c20080925 _gpsbo |
|
| 801 | 0 |
_aRU _bRuMoRGB _c20080925 _2psbo |
|
| 801 | 1 |
_aRU _bProSoft-M _c20080925 _2rusmarc |
|
| 801 | 2 |
_aRU _bNLR _c20081209 _2rusmarc |
|
| 852 |
_aNLR _j17.148.2.17 |
||
| 942 | _cBOOK | ||
| 980 | _aNB | ||